Bilingvalnoje etimologiceskoje gnezdo v lingvisticeskom i lingvodidakticeskom aspektach
Tento článok skúma etymologické hniezdo kombinujúce lexémy odvodené od spoločného etymónu a hodnotí lingvodidaktický potenciál takéhoto zoskupenia na štúdium blízko príbuzného jazyka. Prostredníctvom analýzy ruského a českého jazyka sa skúma povaha tohto zhluku slovnej zásoby, faktory prispievajúce...
Salvato in:
| Autore principale: | |
|---|---|
| Natura: | Capitolo di libro |
| Lingua: | russo |
| Soggetti: | |
| Tags: |
Nessun Tag, puoi essere il primo ad aggiungerne!!
|
MARC
| LEADER | 00000naa a2200000 4500 | ||
|---|---|---|---|
| 001 | 0308254 | ||
| 005 | 20250424104359.9 | ||
| 041 | 0 | |a rus | |
| 044 | |a RU | ||
| 245 | 1 | 0 | |a Bilingvalnoje etimologiceskoje gnezdo v lingvisticeskom i lingvodidakticeskom aspektach |c Elena Markova |
| 520 | |a Tento článok skúma etymologické hniezdo kombinujúce lexémy odvodené od spoločného etymónu a hodnotí lingvodidaktický potenciál takéhoto zoskupenia na štúdium blízko príbuzného jazyka. Prostredníctvom analýzy ruského a českého jazyka sa skúma povaha tohto zhluku slovnej zásoby, faktory prispievajúce k sémantickým zmenám v jeho lexikálnych komponentoch a jeho úloha pri výučbe ruštiny pre zahraničných slovanských študentov. Aktuálnosť tejto štúdie podčiarkuje dôležitosť skúmania systematizácie ruskej lexiky, aby sa zabezpečila jej optimálna prezentácia cudzím hovorcom. | ||
| 610 | 2 | 0 | |a jazyky cudzie |
| 610 | 2 | 0 | |a jazykoveda |
| 610 | 2 | 0 | |a ruština |
| 610 | 2 | 0 | |a čeština |
| 100 | 1 | |a Markova, Elena, 1960- | |